LIBRARY ONLINE CATALOGUE

Revision Science for Primary Teacher Education (Record no. 17288)

MARC details
000 -LEADER
fixed length control field 00412nam a22001457a 4500
008 - FIXED-LENGTH DATA ELEMENTS--GENERAL INFORMATION
fixed length control field 181016b xxu||||| |||| 00| 0 eng d
020 ## - INTERNATIONAL STANDARD BOOK NUMBER
International Standard Book Number 9966255792
050 ## - LIBRARY OF CONGRESS CALL NUMBER
Classification number LB1585.5
Item number .K37 2008 c.1
100 ## - MAIN ENTRY--PERSONAL NAME
Personal name Kariuki, David G.
245 ## - TITLE STATEMENT
Title Revision Science for Primary Teacher Education
260 ## - PUBLICATION, DISTRIBUTION, ETC. (IMPRINT)
Place of publication, distribution, etc. Nairobi
Name of publisher, distributor, etc. EAEP
Date of publication, distribution, etc. 2008
300 ## - PHYSICAL DESCRIPTION
Extent 410p.
650 ## - SUBJECT ADDED ENTRY--TOPICAL TERM
Topical term or geographic name as entry element Science
Form subdivision Study and teaching(elementary)
942 ## - ADDED ENTRY ELEMENTS (KOHA)
Source of classification or shelving scheme Library of Congress Classification
Koha item type General Collection
Holdings
Withdrawn status Lost status Source of classification or shelving scheme Not for loan Home library Current library Date acquired Cost, normal purchase price Total Checkouts Full call number Barcode Date last seen Price effective from Koha item type
    Library of Congress Classification   Kabarak, Main Campus Kabarak, Main Campus 16/10/2018 845.00   LB1585.5 .K37 2008 c.1 024348 16/10/2018 16/10/2018 General Collection